000 00648nam a22001937a 4500
005 20171107144251.0
010 _a1718CH-EN
020 _a9781846883972
_c299.00
035 _aB-673028-3042
037 _aDPL
_bBloomsbury
082 _aN
100 _aHalahmy, Miriam
245 _aThe emergency zoo /
_cby Miriam Halahmy
260 _bAlma Books
_aUK
_c2016
270 _a3 Castle Yard, Richmond, Surrey TW10 6 TF
_bUK
300 _a253p.
_c21cm(pbk)
942 _2ddc
_cCH
_mHAL
_hN
999 _c141749
_d141749